Algebraická metóda stanovenia matematického modelu lineárnych sústav. : Kand.diz.práca : V.odb. 26-15-9 : Obh. 21.03.1966 /
Salvato in:
| Autore principale: | |
|---|---|
| Natura: | Manoscritto Libro |
| Pubblicazione: |
Bratislava :
SVŠT v Bratislave SjF,
1965
|
| Soggetti: | |
| Tags: |
Nessun Tag, puoi essere il primo ad aggiungerne!!
|
MARC
| LEADER | 00000ntm a22000003a 4500 | ||
|---|---|---|---|
| 001 | stu5640 | ||
| 005 | 20150617225808.3 | ||
| 008 | ------s1965----------------------------d | ||
| 040 | |a STU |b slo | ||
| 041 | 0 | ||
| 100 | 1 | |a Vrban, Anton, |d 1932- |4 aut |u M180 |U MTF Materiálovotechnologická fakulta |T MTF Katedra aplikovanej informatiky a automatizácie |X 321 |U M180 |Y 166 |7 A000000321 | |
| 245 | 1 | |a Algebraická metóda stanovenia matematického modelu lineárnych sústav. : |b Kand.diz.práca : V.odb. 26-15-9 : Obh. 21.03.1966 / |c [aut.] Vrban,Anton, Ing | |
| 260 | |a Bratislava : |b SVŠT v Bratislave SjF, |c 1965 | ||
| 300 | |a 91 s : |b 63 s.príl | ||
| 650 | 7 | |a technická kybernetika |2 stusub | |
| 996 | |b 284ED00864 |c E*KDIZ-47 |l EE01 |s A |a 24 |w stu5640_0001 | ||